书目信息 |
| 题名: |
机器学习与R语言实战
|
|
| 作者: | 丘祐玮 著 ;潘怡 , 叶晖 译 | |
| 分册: | ||
| 出版信息: | 北京 机械工业出版社 2016 |
|
| 页数: | 13, 338页 | |
| 开本: | 24cm | |
| 丛书名: | 数据分析与决策技术丛书 | |
| 单 册: | ||
| 中图分类: | TP181 | |
| 科图分类: | ||
| 主题词: | 机器学习--ji qi xue xi | |
| 电子资源: | ||
| ISBN: | 978-7-111-53595-9 | |
| 000 | 01684nam 2200325 450 | |
| 001 | 1722682648 | |
| 005 | 20161207151528.0 | |
| 010 | @a978-7-111-53595-9@dCNY69.00 | |
| 100 | @a20160518d2016 em y0chiy50 ea | |
| 101 | 0 | @achi |
| 102 | @aCN@b110000 | |
| 105 | @ay z 000yy | |
| 106 | @ar | |
| 200 | 1 | @a机器学习与R语言实战@Aji qi xue xi yu R yu yan shi zhan@d= Machine learning with R cookbook@f丘祐玮著@g潘怡, 叶晖译@zeng |
| 210 | @a北京@c机械工业出版社@d2016 | |
| 215 | @a13, 338页@d24cm | |
| 225 | 2 | @a数据分析与决策技术丛书@Ashu ju fen xi yu jue ce ji shu cong shu |
| 305 | @a本书中文简体字版由Packt Publishing授权机械工业出版社独家出版 | |
| 314 | @a丘祐玮,男,Largit data公司创始人,资深数据科学家,之前曾就职于Trend Micro公司,主要负责为商务智能及客户关系管理系统构建大型数据平台。 | |
| 330 | @a本书共11章。第1章介绍如何创建一个可用的R环境和基本的R命令;第2章讲述如何使用R语言进行探索性数据分析;第3章重点探讨数据采样和概率分布的概念;第4章探讨因变量和解释变量集合之间的线性关系;第5章介绍基于树的分类器:K近邻分类器、逻辑回归分类器以及朴素贝叶斯分类器;第6章神经网络和支持向量机;第7章展示一些模型评估的方法;第8章探讨集成分类器;第9章讲述多种聚类算法;第10章介绍关联分析和序列挖掘;第11章介绍如何从原始变量中选择和抽取特征;第12章讨论大数据分析(R和Hadoop)。 | |
| 333 | @a程序设计员、程序开发人员及相关读者。 | |
| 410 | 0 | @12001 @a数据分析与决策技术丛书 |
| 510 | 1 | @aMachine learning with R cookbook@zeng |
| 606 | 0 | @a机器学习@Aji qi xue xi |
| 690 | @aTP181@v5 | |
| 701 | 0 | @a丘祐玮@Aqiu you wei@4著 |
| 702 | 0 | @a潘怡@Apan yi@4译 |
| 702 | 0 | @a叶晖@Aye hui@4译 |
| 801 | 0 | @aCN@b北京新华书店首都发行所有限公司@c20160518 |
| 905 | @aBZT@dTP181@e1 | |
| 机器学习与R语言实战= Machine learning with R cookbook/丘祐玮著/潘怡, 叶晖译.-北京:机械工业出版社,2016 |
| 13, 338页;24cm.-(数据分析与决策技术丛书) |
| 使用对象:程序设计员、程序开发人员及相关读者。 |
| ISBN 978-7-111-53595-9:CNY69.00 |
| 本书共11章。第1章介绍如何创建一个可用的R环境和基本的R命令;第2章讲述如何使用R语言进行探索性数据分析;第3章重点探讨数据采样和概率分布的概念;第4章探讨因变量和解释变量集合之间的线性关系;第5章介绍基于树的分类器:K近邻分类器、逻辑回归分类器以及朴素贝叶斯分类器;第6章神经网络和支持向量机;第7章展示一些模型评估的方法;第8章探讨集成分类器;第9章讲述多种聚类算法;第10章介绍关联分析和序列挖掘;第11章介绍如何从原始变量中选择和抽取特征;第12章讨论大数据分析(R和Hadoop)。 |
| ● |
| 相关链接 |
|
|
|
正题名:机器学习与R语言实战
索取号:TP181/1
 
预约/预借
| 序号 | 登录号 | 条形码 | 馆藏地/架位号 | 状态 | 备注 |
| 1 | 828329 | 2000828329 | 第二书库/ [索取号:TP181/1] | 在馆 | |
| 2 | 828330 | 2000828330 | 第二书库/ [索取号:TP181/1] | 在馆 | |
| 3 | 828331 | 2000828331 | 第二书库/ [索取号:TP181/1] | 在馆 |